Veresegyház turisztikai kereslete és kínálata

Bibliográfiai részletek
Szerző: Nagy Nikolett
További közreműködők: Egedy Dr. Tamás
Dokumentumtípus: Diplomadolgozat
Kulcsszavak:Turisztikai kereslet
Turisztikai kínálat
Belföldi turizmus
élménypark
gyógyfürdő - termálfürdő
Online Access:http://dolgozattar.uni-bge.hu/23054

MARC

LEADER 00000nta a2200000 i 4500
001 dolg23054
005 20200224135833.0
008 191120suuuu hu om 000 hun d
040 |a BGE Dolgozattár Repozitórium  |b hun 
041 |a hu 
100 1 |a Nagy Nikolett 
245 1 0 |a Veresegyház turisztikai kereslete és kínálata  |c Nagy Nikolett  |h [elektronikus dokumentum] 
695 |a Turisztikai kereslet 
695 |a Turisztikai kínálat 
695 |a Belföldi turizmus 
695 |a élménypark 
695 |a gyógyfürdő - termálfürdő 
700 1 |a Egedy Dr. Tamás  |e ths 
856 4 0 |u http://dolgozattar.uni-bge.hu/23054/1/NagyNikolett_JN6K0Q_TVtur.pdf  |z Dokumentum-elérés